LIBRARY & INFORMATION CENTRE, KCAET, TAVANUR

ONLINE PUBLIC ACCESS CATALOGUE (OPAC)

Text book of practical organic chemistry including quantitative organic analysis / (Record no. 7543)

MARC details
000 -LEADER
fixed length control field 00603cam a2200217ua 4500
020 ## - INTERNATIONAL STANDARD BOOK NUMBER
ISBN 0-582-00247-8
041 ## - LANGUAGE CODE
Language code of text/sound track or separate title eng
082 ## - DEWEY DECIMAL CLASSIFICATION NUMBER
Classification number 547
Item number FUR/TE
100 ## - MAIN ENTRY--AUTHOR NAME
Personal name Furniss, B S.
245 ## - TITLE STATEMENT
Title Text book of practical organic chemistry including quantitative organic analysis /
250 ## - EDITION STATEMENT
Edition statement 4 /
260 ## - PUBLICATION, DISTRIBUTION, ETC. (IMPRINT)
Place of publication London :
Name of publisher English Language Book Society ,
Year of publication 1987.
300 ## - PHYSICAL DESCRIPTION
Number of Pages 1371 ; .
700 1# - ADDED ENTRY--PERSONAL NAME
Personal name Hannaford, A J .
700 1# - ADDED ENTRY--PERSONAL NAME
Personal name Rogers, V .
700 1# - ADDED ENTRY--PERSONAL NAME
Personal name Smith, P W G .
700 1# - ADDED ENTRY--PERSONAL NAME
Personal name Tatchell, A R .
942 ## - ADDED ENTRY ELEMENTS (KOHA)
Koha item type Books
Holdings
Withdrawn status Lost status Damaged status Home library Current library Date acquired Full call number Accession Number Koha item type
      KAUAET KAUAET 07/04/2012 547 FUR/TE 19367 Books
free website counter